Zvyšuje sa tlak na potravinárske firmy

Opatrenie Európskej únie na zamedzenie reklamy na výrobky bohaté na tuky a cukor. Americká spoločnosť Kraft Foods a ukončenie reklamy na určité výrobky pre deti do 12 rokov. Televízne reklamy a ich vplyv na obezitu detí aj dospelých. Zvýšený tlak na výrobcov potravín. Rast obezity a zvyšovanie nákl...

Descrizione completa

Salvato in:
Dettagli Bibliografici
Autore principale: Pálková, Dana
Natura: Capitolo di libro
Lingua:slovacco
Soggetti:
Tags: Aggiungi Tag
Nessun Tag, puoi essere il primo ad aggiungerne!!

MARC

LEADER 00000naa$a2200000$$$4500
001 0037039
005 20231004131103.3
041 0 |a slo 
044 |a SK 
245 1 0 |a Zvyšuje sa tlak na potravinárske firmy  |c Dana Pálková 
520 |a Opatrenie Európskej únie na zamedzenie reklamy na výrobky bohaté na tuky a cukor. Americká spoločnosť Kraft Foods a ukončenie reklamy na určité výrobky pre deti do 12 rokov. Televízne reklamy a ich vplyv na obezitu detí aj dospelých. Zvýšený tlak na výrobcov potravín. Rast obezity a zvyšovanie nákladov v zdravotníctve. Obezita v krajinách v okolí Stredozemného mora. 
610 2 0 |a potravinárstvo 
610 2 0 |a potraviny 
610 2 0 |a cukor 
610 2 0 |a tuky 
610 2 0 |a zdravie 
610 2 0 |a zdravotníctvo 
610 2 0 |a deti 
610 2 0 |a reklama 
610 2 0 |a opatrenia 
610 2 0 |a Európska únia 
100 1 |a Pálková, Dana